Challenges to Chinese foreign policy: Diplomacy, globalization and the next world power (Record no. 178282)

MARC details
000 -LEADER
fixed length control field 00422nam a2200145Ia 4500
008 - FIXED-LENGTH DATA ELEMENTS--GENERAL INFORMATION
fixed length control field 230917s9999||||xx |||||||||||||| ||und||
040 ## - CATALOGING SOURCE
-- 214735
Original cataloging agency VIVEKANANDA LIBRARY
041 ## - Language
-- English
082 ## - DDC NUMBER
Classification number 327.51 H199C
100 ## - MAIN ENTRY--PERSONAL NAME
Personal name Hao, Yufan, ed.
245 #0 - TITLE STATEMENT
Title Challenges to Chinese foreign policy: Diplomacy, globalization and the next world power
260 ## - PUBLICATION, DISTRIBUTION, ETC. (IMPRINT)
Place of publication, distribution, etc New Delhi
Name of publisher, distributor, etc K W Publishers
Date of publication, distribution, etc 2013
300 ## - PHYSICAL DESCRIPTION
Pages vi, 377 p.
942 ## - ADDED ENTRY ELEMENTS (KOHA)
Koha item type Books
Holdings
Withdrawn status Lost status Damaged status Not for loan Location (home branch) Sublocation or collection (holding branch) Date acquired Koha issues (times borrowed) Koha full call number Accession No. Koha date last seen Koha item type
        VIVEKANANDA LIBRARY VIVEKANANDA LIBRARY 13/03/2014   327.51 H199C 340371 17/09/2023 Books
© Designed and Maintained by Vivekananda Library, MDU Rohtak